Hidden Neighbors of France Quiz Stats

 Plays Quiz Updated Nov 27, 2016

Support Sporcle.
Go Orange.
Score 0/10 Timer 01:00
17 Plays Today
% Correct
Germany
88.2%
Spain
83.3%
Brazil
82.9%
Belgium
78%
Switzerland
77.5%
Suriname
73.4%
Luxembourg
70.8%
Andorra
69.9%
Italy
66.1%
Monaco
53.1%

You're not logged in!

Compare scores with friends on all Sporcle quizzes.
OR
Log In

From the Vault

Clickable Sporcle Quiz Show: Religion

by bhenderson79

This quiz show is simply divine.
Remove Ads.
Support Sporcle.
Get the best of Sporcle when you Go Orange. This ad-free experience offers more features, more stats, and more fun while also helping to support Sporcle. Thank you for becoming a member.

Show Comments

Extras

Top Quizzes Today


Score Distribution

Your Account Isn't Verified!

In order to create a playlist on Sporcle, you need to verify the email address you used during registration. Go to your Sporcle Settings to finish the process.

Report this User

Report this user for behavior that violates our Community Guidelines.

Details: